00643nam a2200193Ia 450000500170000000800410001702000180005804000180007604100080009408200220010210000200012424500870014425000120023126000420024330000330028565000390031865000470035765000450040420260106112013.0210716s2018 xx 000 0 und d a9789352861743 cAIMIT LIBRARY aeng a005.764 21bASLA aAsllani, Arben. aBusiness analytics with management science models and methods /cBy Arben Asllani. a1st ed. aChennai :bPearson Education ,c2018. axviii, 382p. ;c20.5 cm.bPB aIntroduction to linear programming aBusiness analytics with linear programming aBusiness analytics eith goal programming